Giải bài tập và bài toán cơ sở Vật lý T.3 T.3

Na minha lista:
Detalhes bibliográficos
Autor principal: Lương Duyên Bình
Formato: Livro
Idioma:Vietnamese
Publicado em: Giáo dục 2001
Tags: Adicionar Tag
Sem tags, seja o primeiro a adicionar uma tag!
Thư viện lưu trữ: Mạng thư viện Đại học Đà Nẵng
LEADER 00688nam a2200253 4500
001 000022830
003 19279
005 20150515100509.0
008 150515s2001 viesd
020 |c 27000 
041 0 |a vie 
082 1 4 |a 531  |b LƯ-B 
100 1 |a Lương Duyên Bình 
245 1 0 |a Giải bài tập và bài toán cơ sở Vật lý T.3  |b T.3  |c Lương Duyên Bình (Chủ biên), Nguyễn Quang Hậu 
260 |b Giáo dục  |c 2001 
300 |a tr.  |c cm. 
OWN |a LSP 
999 |a From the UDN01 
TYP |a Monograph 
TYP |a Printed language 
980 |a Mạng thư viện Đại học Đà Nẵng